000 00903nam0a22002651 4500
001 rc\4990651
005 20250613063211.0
021 _aRU
_b[57-63633]
035 _a(NLR Aleph) 008987386
090 _a9224508
_c9224508
100 _a20130430d1957 |||y0rusy50 ca
101 0 _arus
102 _aRU
105 _aa z |||||
200 1 _aВажнейшие заразные болезни телят и меры борьбы с ними
_fОбл. упр. сельского хозяйства
210 _aСемипалатинск
_cБ. и.
_d1957
215 _a32 с.
_cил.
_d20
300 _aПеред загл. авт.: ветврач С.С. Сарапаев
606 _aТелята
_xБолезни инфекционные
_2psbo
700 1 _aСарапаев
_bС.С.
801 0 _aRU
_bNLR
_gpsbo
801 1 _aRU
_bELAR
_2rusmarc
852 _aNLR
_j58-4/922
942 _cBOOK
980 _aNB